Quiz de Geografia: Países#1 - Statistics

Estatísticas Gerais
  • Esse quiz foi jogado 905 vezes
    879 desde o último reset
  • A pontuação média é 9 de 15
Estatísticas das Respostas
Pergunta Resposta % Correto
8#Maior cidade do Brasil São Paulo
91%
7#Capital da Espanha Madri
90%
6#Capital do Egito Cairo
82%
1#Quantos estados do Brasil que não tem saída pro mar?(com distrito e sem contar o Rio Amazonas) 10
81%
9#Maior cidade(em termos de riqueza) na Austrália Sydney
74%
13#De qual país é a cidade "Cidade do Cabo"? África do Sul
73%
10#País mais populoso da África Nigéria
66%
12#Qual estado do Brasil se localiza o ponto extremo ao Norte? Roraima
65%
14#Comidas mexicanas mais populares. Burrito e Tacos
57%
15#Qual o país que está localizado Sófia? Bulgária
56%
11#Qual estado do Brasil se localiza o ponto extremo ao Leste? Paraíba
45%
4#Onde fica o vulcão Eyjafjallajökull? Islândia
41%
5#Único império que já conseguiu chegar até Moscou.(Rússia) Império Mongol
26%
2#País que tem a maior taxa de desastres naturais.(36,43%chance de acontecer) Vanuatu
5%
3#A maioria do território do Paraguai é.... Pantanosa
1%
Nenhum quiz correspondente encontrado
Distribuição das Pontuações
Porcentagem de Pessoas com Cada Pontuação
Percentil de Números Respondidos
Sua Pontuação Histórica
Você não jogou esse quiz desde o último reset